| 000 | 00550nam a22001937a 4500 | ||
|---|---|---|---|
| 003 | OSt | ||
| 008 | 260429b |||||||| |||| 00| 0 eng d | ||
| 082 |
_a634.421 _bC35C |
||
| 100 | _aChoudhary, Ramawatar. | ||
| 245 |
_aCrop Regulation of Guava (Psidium guajava Linn.) with Chemicals / _cby Ramawatar Choudhary |
||
| 260 |
_a.- Sabour, Bhagalpur _b: Bihar Agricultural College, RAU _c, 1994 |
||
| 300 | _a98p. | ||
| 502 |
_bPh. D. _d1994 |
||
| 650 | _aHorticulture | ||
| 650 | _aGuavas | ||
| 650 | _aThesis | ||
| 650 | _aPh. D. | ||
| 942 |
_2ddc _cT |
||
| 999 |
_c50301 _d50301 |
||